[Event "ARM-ch Rapid 2019"]
[Site "Yerevan"]
[Date "2019.01.22"]
[Round "5.5"]
[White "Hakobyan, Aram"]
[Black "Pashikian, Arman"]
[Result "1-0"]
[WhiteElo "2545"]
[BlackElo "2599"]
[Annotator "RC"]
[PlyCount "99"]
[EventDate "2019.01.22"]
[EventType "tourn"]
[EventCountry "ARM"]
[TimeControl "40/5400+30:1800+30"]
[WhiteClock "0:00:21"]
[BlackClock "0:00:42"]

1. e4 {[%emt 1:15:14]} e5 {[%emt 1:15:11]} 2. Nf3 {[%emt 0:00:21]} Nc6 {[%emt 0:00:20]} 3. Bb5 {[%emt 0:00:21]} Nf6 {[%emt 0:00:22]} 4. O-O {[%emt 0:00:23]} Nxe4 {[%emt 0:00:22]} 5. Re1 {[%emt 0:00:26]} Nd6 {[%emt 0:00:21]} 6. Nxe5 {[%emt 0:00:22]} Be7 {[%emt 0:00:21]} 7. Bf1 {[%emt 0:00:22]} Nf5 {[%emt 0:00:22]} 8. Nf3 {[%emt 0:00:21]} d5 {[%emt 0:00:22]} 9. d4 {[%emt 0:00:21]} O-O {[%emt 0:00:23]} 10. c3 {[%emt 0:00:21]} Re8 {[%emt 0:00:22]} 11. Qb3 {[%emt 0:00:20]} a6 {[%emt 0:03:07]} 12. Bf4 {[%emt 0:00:37]} b6 {[%emt 0:01:11]} 13. Nbd2 {[%emt 0:01:05]} Be6 {[%emt 0:00:22]} 14. Bd3 {[%emt 0:00:22]} Bd6 {[%emt 0:01:10]} 15. Bxf5 {[%emt 0:02:53]} Bxf4 {[%emt 0:00:22]} 16. Bxe6 {[%emt 0:00:24]} Rxe6 {[%emt 0:01:40]} 17. Rxe6 {[%emt 0:00:23]} fxe6 {[%emt 0:00:21]} 18. Re1 {[%emt 0:00:50]} Qd6 {[%emt 0:00:28]} 19. Qd1 {[%emt 0:01:55]} e5 {[%emt 0:02:02]} 20. dxe5 {[%emt 0:03:18]} Nxe5 {[%emt 0:03:40]} 21. g3 {[%emt 0:00:32]} Nxf3+ {[%emt 0:00:52]} 22. Nxf3 {[%emt 0:00:24]} Bh6 {[%emt 0:00:28]} 23. Re5 {[%emt 0:01:04]} Rd8 {[%emt 0:02:33]} 24. Qe2 {[%emt 0:00:29]} g6 {[%emt 0:00:22]} 25. Re6 {[%emt 0:00:38]} Qd7 {[%emt 0:01:15]} 26. Nd4 {[%emt 0:03:43]} Bf8 {[%emt 0:00:32]} 27. Nc6 {[%emt 0:00:52]} Ra8 {[%emt 0:00:41]} 28. Qg4 {[%emt 0:01:49]} Qf7 {[%emt 0:02:55]} 29. Ne5 {[%emt 0:01:13]} Qf5 {[%emt 0:00:21]} 30. Qxf5 {[%emt 0:00:28]} gxf5 {[%emt 0:00:21]} 31. Rf6 {[%emt 0:00:30]} Rd8 {[%emt 0:01:04]} 32. Nd3 {[%emt 0:02:16]} Bg7 {[%emt 0:01:33]} 33. Rxf5 {[%emt 0:00:24]} c5 {[%emt 0:00:21]} 34. Kf1 {[%emt 0:00:43]} c4 {[%emt 0:00:21]} 35. Nf4 {[%emt 0:00:56]} d4 {[%emt 0:00:21]} 36. cxd4 {[%emt 0:00:59]} Rxd4 {[%emt 0:00:49]} 37. Rg5 {[%emt 0:00:25]} Rd2 {[%emt 0:00:37]} 38. Nh5 {[%emt 0:00:38]} Rxb2 {[%emt 0:00:25]} 39. Rxg7+ {[%emt 0:00:21]} Kf8 {[%emt 0:00:22]} 40. Rc7 {[%emt 0:00:22]} b5 {[%emt 0:00:22]} 41. a4 {[%emt 0:30:38]} Rc2 {[%emt 0:30:21]} 42. axb5 {[%emt 0:00:39]} axb5 {[%emt 0:00:21]} 43. Rb7 {[%emt 0:00:24]} Rb2 {[%emt 0:00:21]} 44. Nf4 {[%emt 0:00:28]} b4 {[%emt 0:00:34]} 45. Nd5 {[%emt 0:00:39]} b3 {[%emt 0:01:08]} 46. Rb4 {[%emt 0:00:28]} Rd2 {[%emt 0:00:36]} 47. Nc3 {[%emt 0:00:27]} b2 {[%emt 0:00:33]} 48. Rxc4 {[%emt 0:00:28]} Rc2 {[%emt 0:00:29]} 49. Rb4 {[%emt 0:00:21]} Rxc3 {[%emt 0:00:22]} 50. Rxb2 {[%emt 0:00:21]} 1-0

[Event "ARM-ch Rapid 2019"]
[Site "Yerevan"]
[Date "2019.01.22"]
[Round "5.6"]
[White "Ter-Sahakyan, Samvel"]
[Black "Babujian, Levon"]
[Result "1-0"]
[WhiteElo "2574"]
[BlackElo "2488"]
[Annotator "TA"]
[PlyCount "103"]
[EventDate "2019.01.22"]
[EventType "tourn"]
[EventCountry "ARM"]

{[%evp 18,103,68,47,81,85,87,66,82,64,93,64,103,112,441,402,411,259,418,368,571,445,437,349,320,229,228,226,202,207,200,211,227,204,204,174,292,269,254,216,212,220,210,207,214,214,215,215,372,379,402,404,459,441,423,393,468,466,460,476,512,507,591,606,620,605,872,850,1737,1635,1055,1010,3238,3417,1726,1441,3238,2934,2191,2004,29963,29964,29966,29958,29970,29974,29976,29969]} 1. e4 c5 2. Nf3 d6 3. d4 cxd4 4. Nxd4 Nf6 5. Nc3 e6 6. g4 {[%cal Bg2g4,Bg4g5][%mdl 32]} a6 7. g5 Nfd7 8. h4 b5 9. a3 Bb7 10. h5 {LiveBook: 17 Games. B81: Sicilian Scheveningen: Keres Attack} (10. Be3 Nc6 11. Nxc6 Bxc6 12. h5 Rc8 13. Qd4 Qc7 14. Be2 Nc5 15. f3 e5 16. Qd2 Be7 17. O-O-O O-O 18. g6 Ne6 {1-0 (32) Short,N (2698)-Babula,V (2595) Istanbul 2012}) 10... Qc7 11. Be3 Nc6 12. Nxc6 {White is better.} Qxc6 13. Qd4 $146 ({Predecessor:} 13. f4 Nc5 14. Bg2 O-O-O 15. Qd4 Rg8 16. O-O-O Be7 17. Rhg1 Kb8 {1-0 (25) Danailov,S (2440)-Bertholee,R (2340) Wijk aan Zee 1998}) 13... Ne5 14. O-O-O Nf3 15. Qb4 d5 $2 {[%mdl 8192] [#]} (15... Qc7 $16 {is a better chance.}) 16. exd5 $18 exd5 17. Qg4 Ne5 $2 (17... d4) 18. Qd4 Bd6 (18... Nf3 $142) 19. Bg2 ({Less strong is} 19. f4 Nf3 $18) 19... Qc4 20. Qb6 Qc6 21. Rhe1 {[%cal Rg2d5]} ({Don't play} 21. Bxd5 Qxb6 22. Bxb6 Bxd5 $18) 21... O-O 22. Bxd5 Qxb6 23. Bxb6 Bxd5 24. Nxd5 ({Don't take} 24. Rxd5 $6 Nf3 $16) 24... Nc4 25. Bd4 Rfe8 26. h6 Be5 (26... Rxe1 $142 27. Rxe1 Bf8) 27. Bxe5 Rxe5 28. f4 Rxe1 29. Rxe1 {[%mdl 4096] Endgame KRN-KRN} Nd6 30. Nc7 Rc8 31. Nxa6 gxh6 32. gxh6 f5 $2 {[#]} (32... Kf8 33. b3 Nf5) 33. Re6 Rd8 34. Nc7 Kf7 35. Re5 Rb8 36. Nd5 Rb7 37. b3 Rd7 38. Kb2 Kf8 39. Kc3 Rd8 40. Kb4 Rc8 41. Ne3 Kf7 42. Nxf5 Nxf5 43. Rxf5+ {KR-KR} Kg6 44. Rc5 Ra8 45. Rc6+ Kf5 46. Rb6 Kxf4 47. Rb7 Rc8 48. c3 Ke3 49. Rxh7 {White mates.} Kd3 50. Rg7 Rc6 51. Rg3+ Kc2 52. Rh3 {Accuracy: White = 72%, Black = 23%.} 1-0

[Event "ARM-ch Rapid 2019"]
[Site "Yerevan"]
[Date "2019.01.22"]
[Round "5.7"]
[White "Vardanian, Haik V."]
[Black "Yegiazarian, Arsen"]
[Result "0-1"]
[WhiteElo "2234"]
[BlackElo "2399"]
[PlyCount "101"]
[EventDate "2019.01.22"]
[EventType "tourn"]
[EventCountry "ARM"]
[TimeControl "40/5400+30:1800+30"]
[WhiteClock "0:00:53"]
[BlackClock "0:00:15"]

1. e4 {[%emt 1:15:13]} e5 {[%emt 1:15:23]} 2. Nf3 {[%emt 0:00:25]} Nc6 {[%emt 0:00:21]} 3. Bb5 {[%emt 0:00:22]} a6 {[%emt 0:00:22]} 4. Ba4 {[%emt 0:00:49]} Nf6 {[%emt 0:00:23]} 5. O-O {[%emt 0:00:22]} Be7 {[%emt 0:00:22]} 6. Re1 {[%emt 0:00:23]} b5 {[%emt 0:00:22]} 7. Bb3 {[%emt 0:00:22]} d6 {[%emt 0:00:21]} 8. c3 {[%emt 0:00:21]} O-O {[%emt 0:00:23]} 9. h3 {[%emt 0:00:22]} Na5 {[%emt 0:00:24]} 10. Bc2 {[%emt 0:00:23]} c5 {[%emt 0:00:21]} 11. d4 {[%emt 0:00:22]} Nd7 {[%emt 0:00:22]} 12. Nbd2 {[%emt 0:00:31]} exd4 {[%emt 0:00:36]} 13. cxd4 {[%emt 0:00:23]} Nc6 {[%emt 0:00:23]} 14. Nf1 {[%emt 0:01:20]} cxd4 {[%emt 0:02:05]} 15. Nxd4 {[%emt 0:00:26]} Nxd4 {[%emt 0:00:23]} 16. Qxd4 {[%emt 0:00:22]} Nc5 {[%emt 0:00:38]} 17. Rd1 {[%emt 0:01:16]} Bb7 {[%emt 0:02:05]} 18. Ng3 {[%emt 0:00:59]} Bf6 {[%emt 0:01:59]} 19. Qxd6 {[%emt 0:01:05]} Qxd6 {[%emt 0:00:27]} 20. Rxd6 {[%emt 0:00:21]} Rac8 {[%emt 0:00:55]} 21. Bb3 {[%emt 0:03:43]} Be5 {[%emt 0:03:25]} 22. Rd1 {[%emt 0:00:22]} Nxb3 {[%emt 0:01:18]} 23. axb3 {[%emt 0:00:22]} Rc2 {[%emt 0:00:56]} 24. Be3 {[%emt 0:02:16]} Rxb2 {[%emt 0:02:12]} 25. Bd4 {[%emt 0:03:13]} Bxd4 {[%emt 0:00:26]} 26. Rxd4 {[%emt 0:00:21]} Rxb3 {[%emt 0:00:27]} 27. Nf5 {[%emt 0:00:23]} g6 {[%emt 0:01:29]} 28. Nd6 {[%emt 0:01:06]} Rd8 {[%emt 0:00:58]} 29. e5 {[%emt 0:01:08]} b4 {[%emt 0:02:42]} 30. Rc4 {[%emt 0:03:13]} Bd5 {[%emt 0:00:39]} 31. Rc5 {[%emt 0:01:04]} Be6 {[%emt 0:00:51]} 32. Rxa6 {[%emt 0:00:27]} Rb1+ {[%emt 0:00:35]} 33. Kh2 {[%emt 0:00:21]} Rb8 {[%emt 0:01:09]} 34. Rb5 {[%emt 0:00:57]} Rxb5 {[%emt 0:00:22]} 35. Nxb5 {[%emt 0:00:21]} b3 {[%emt 0:00:36]} 36. Nd6 {[%emt 0:00:24]} Re1 {[%emt 0:00:36]} 37. Rb6 {[%emt 0:00:59]} Rxe5 {[%emt 0:00:28]} 38. Kg3 {[%emt 0:00:40]} Kf8 {[%emt 0:00:36]} 39. Nb5 {[%emt 0:00:45]} Rg5+ {[%emt 0:00:31]} 40. Kh2 {[%emt 0:00:33]} Bd5 {[%emt 0:00:36]} 41. f3 {[%emt 0:30:37]} Re5 {[%emt 0:30:25]} 42. Nd4 {[%emt 0:00:41]} Re3 {[%emt 0:00:23]} 43. Kg3 {[%emt 0:00:27]} Rd3 {[%emt 0:00:33]} 44. Ne2 {[%emt 0:00:24]} Rd2 {[%emt 0:00:24]} 45. Nc3 {[%emt 0:00:50]} Be6 {[%emt 0:00:24]} 46. Ne4 {[%emt 0:00:22]} Rc2 {[%emt 0:00:25]} 47. Ng5 {[%emt 0:00:22]} Bc4 {[%emt 0:00:30]} 48. Nxh7+ {[%emt 0:01:10]} Kg7 {[%emt 0:00:22]} 49. Nf6 {[%emt 0:00:22]} b2 {[%emt 0:00:42]} 50. Kf4 {[%emt 0:00:45]} Ba2 {[%emt 0:00:32]} 51. Ke4 {[%emt 0:00:30]} 0-1

[Event "ARM-ch Rapid 2019"]
[Site "Yerevan"]
[Date "2019.01.22"]
[Round "5.8"]
[White "Petrosian, Tigran L."]
[Black "Alaverdyan, Gevorg"]
[Result "0-1"]
[WhiteElo "2598"]
[BlackElo "2261"]
[PlyCount "118"]
[EventDate "2019.01.22"]
[EventType "tourn"]
[EventCountry "ARM"]
[TimeControl "40/5400+30:1800+30"]
[WhiteClock "0:00:52"]
[BlackClock "0:00:14"]

1. Nf3 {[%emt 1:15:12]} Nf6 {[%emt 1:15:12]} 2. g3 {[%emt 0:00:21]} g6 {[%emt 0:00:21]} 3. Bg2 {[%emt 0:00:29]} Bg7 {[%emt 0:00:21]} 4. d3 {[%emt 0:00:22]} O-O {[%emt 0:00:23]} 5. e4 {[%emt 0:00:21]} d6 {[%emt 0:00:29]} 6. O-O {[%emt 0:00:23]} c5 {[%emt 0:00:21]} 7. h3 {[%emt 0:00:23]} Nc6 {[%emt 0:00:22]} 8. a4 {[%emt 0:00:32]} a6 {[%emt 0:00:38]} 9. Nh4 {[%emt 0:00:35]} Bd7 {[%emt 0:00:35]} 10. f4 {[%emt 0:00:22]} b5 {[%emt 0:01:16]} 11. Nc3 {[%emt 0:00:32]} Rb8 {[%emt 0:00:53]} 12. axb5 {[%emt 0:00:23]} axb5 {[%emt 0:00:22]} 13. Ne2 {[%emt 0:01:09]} Ne8 {[%emt 0:00:39]} 14. Nf3 {[%emt 0:00:41]} Qb6 {[%emt 0:01:02]} 15. Kh1 {[%emt 0:00:24]} Nc7 {[%emt 0:00:26]} 16. f5 {[%emt 0:00:26]} Ra8 {[%emt 0:00:37]} 17. Rb1 {[%emt 0:00:46]} b4 {[%emt 0:01:12]} 18. Bg5 {[%emt 0:00:39]} Ra2 {[%emt 0:01:33]} 19. Qc1 {[%emt 0:00:22]} b3 {[%emt 0:00:37]} 20. c3 {[%emt 0:00:33]} Qa6 {[%emt 0:00:39]} 21. Qd2 {[%emt 0:00:35]} Rb8 {[%emt 0:00:55]} 22. g4 {[%emt 0:00:38]} Be8 {[%emt 0:01:00]} 23. Bh6 {[%emt 0:01:54]} Bh8 {[%emt 0:00:25]} 24. Nf4 {[%emt 0:01:37]} Ne5 {[%emt 0:01:24]} 25. Nxe5 {[%emt 0:00:30]} dxe5 {[%emt 0:01:22]} 26. Nd5 {[%emt 0:00:31]} Nxd5 {[%emt 0:00:23]} 27. exd5 {[%emt 0:00:21]} c4 {[%emt 0:00:27]} 28. dxc4 {[%emt 0:01:35]} Qxc4 {[%emt 0:00:23]} 29. Rbe1 {[%emt 0:00:26]} Rd8 {[%emt 0:00:34]} 30. Re4 {[%emt 0:04:29]} Qxd5 {[%emt 0:04:53]} 31. Qxd5 {[%emt 0:00:22]} Rxd5 {[%emt 0:00:21]} 32. Rb4 {[%emt 0:00:21]} Rd8 {[%emt 0:00:23]} 33. Rxb3 {[%emt 0:00:21]} e4 {[%emt 0:02:09]} 34. Bxe4 {[%emt 0:00:56]} Be5 {[%emt 0:00:22]} 35. Rb7 {[%emt 0:01:03]} f6 {[%emt 0:02:04]} 36. Kg1 {[%emt 0:05:55]} g5 {[%emt 0:02:30]} 37. Bb1 {[%emt 0:01:12]} Raa8 {[%emt 0:00:45]} 38. Rxe7 {[%emt 0:00:27]} Rd2 {[%emt 0:00:24]} 39. Be4 {[%emt 0:00:46]} Rad8 {[%emt 0:00:21]} 40. c4 {[%emt 0:00:51]} Bf7 {[%emt 0:00:27]} 41. b3 {[%emt 0:30:22]} Bh2+ {[%emt 0:30:26]} 42. Kh1 {[%emt 0:00:22]} Bd6 {[%emt 0:00:21]} 43. Rxf7 {[%emt 0:00:42]} Kxf7 {[%emt 0:00:21]} 44. Bd5+ {[%emt 0:00:23]} Ke7 {[%emt 0:00:49]} 45. Re1+ {[%emt 0:00:37]} Kd7 {[%emt 0:00:27]} 46. Bg7 {[%emt 0:00:29]} Rb8 {[%emt 0:00:34]} 47. Re3 {[%emt 0:00:36]} Bf4 {[%emt 0:00:23]} 48. Rf3 {[%emt 0:00:24]} Be5 {[%emt 0:00:22]} 49. Kg1 {[%emt 0:00:24]} Rb6 {[%emt 0:00:22]} 50. Kf1 {[%emt 0:00:40]} Ra6 {[%emt 0:00:23]} 51. Rf2 {[%emt 0:00:21]} Ra1+ {[%emt 0:00:28]} 52. Kg2 {[%emt 0:00:21]} Rd3 {[%emt 0:00:39]} 53. Bf3 {[%emt 0:00:49]} Rxb3 {[%emt 0:00:26]} 54. Bf8 {[%emt 0:00:24]} Kc7 {[%emt 0:00:35]} 55. c5 {[%emt 0:00:27]} Rbb1 {[%emt 0:00:24]} 56. Rd2 {[%emt 0:00:32]} Rg1+ {[%emt 0:01:03]} 57. Kf2 {[%emt 0:00:21]} Bg3+ {[%emt 0:00:22]} 58. Ke2 {[%emt 0:00:23]} Rge1+ {[%emt 0:00:21]} 59. Kd3 {[%emt 0:00:54]} Ra3+ {[%emt 0:00:22]} 0-1

[Event "ARM-ch Rapid 2019"]
[Site "Yerevan"]
[Date "2019.01.22"]
[Round "5.9"]
[White "Minasian, Artashes"]
[Black "Danielyan, Vahe"]
[Result "0-1"]
[WhiteElo "2472"]
[BlackElo "2186"]
[Annotator "RC"]
[PlyCount "105"]
[EventDate "2019.01.22"]
[EventType "tourn"]
[EventCountry "ARM"]
[TimeControl "40/5400+30:1800+30"]
[WhiteClock "0:00:24"]
[BlackClock "0:00:32"]

1. e4 {[%emt 1:15:13]} e5 {[%emt 1:15:11]} 2. Bc4 {[%emt 0:00:22]} Nc6 {[%emt 0:00:25]} 3. Nc3 {[%emt 0:00:30]} Nf6 {[%emt 0:00:22]} 4. d3 {[%emt 0:00:21]} Bc5 {[%emt 0:00:26]} 5. Bg5 {[%emt 0:00:54]} h6 {[%emt 0:00:37]} 6. Bh4 {[%emt 0:00:25]} d6 {[%emt 0:00:26]} 7. Nge2 {[%emt 0:00:33]} Be6 {[%emt 0:00:33]} 8. Bb3 {[%emt 0:01:27]} a6 {[%emt 0:00:48]} 9. Nd5 {[%emt 0:01:30]} Bxd5 {[%emt 0:01:33]} 10. exd5 {[%emt 0:00:25]} Na5 {[%emt 0:00:41]} 11. c3 {[%emt 0:00:57]} Nxb3 {[%emt 0:00:26]} 12. Qxb3 {[%emt 0:00:23]} Bb6 {[%emt 0:00:24]} 13. O-O-O {[%emt 0:00:49]} g5 {[%emt 0:00:39]} 14. Bg3 {[%emt 0:00:22]} Qd7 {[%emt 0:00:21]} 15. d4 {[%emt 0:00:35]} e4 {[%emt 0:00:30]} 16. c4 {[%emt 0:01:42]} O-O-O {[%emt 0:01:05]} 17. Kb1 {[%emt 0:01:17]} Qe7 {[%emt 0:00:59]} 18. Rhe1 {[%emt 0:00:36]} Ba5 {[%emt 0:00:49]} 19. Rf1 {[%emt 0:00:28]} Nd7 {[%emt 0:00:29]} 20. f4 {[%emt 0:01:57]} exf3 {[%emt 0:00:32]} 21. Qxf3 {[%emt 0:00:23]} f5 {[%emt 0:00:22]} 22. Nc1 {[%emt 0:01:00]} f4 {[%emt 0:00:36]} 23. Bf2 {[%emt 0:00:26]} Nf6 {[%emt 0:02:08]} 24. Nb3 {[%emt 0:00:26]} Bb6 {[%emt 0:00:21]} 25. Rfe1 {[%emt 0:00:24]} Qh7+ {[%emt 0:00:45]} 26. Kc1 {[%emt 0:02:02]} Rhe8 {[%emt 0:00:30]} 27. Re6 {[%emt 0:01:25]} Rxe6 {[%emt 0:00:48]} 28. dxe6 {[%emt 0:00:22]} Qf5 {[%emt 0:00:21]} 29. d5 {[%emt 0:01:02]} g4 {[%emt 0:00:50]} 30. Qe2 {[%emt 0:00:23]} f3 {[%emt 0:00:45]} 31. gxf3 {[%emt 0:00:25]} gxf3 {[%emt 0:00:23]} 32. Qe1 {[%emt 0:02:21]} Ne4 {[%emt 0:01:23]} 33. Bxb6 {[%emt 0:00:22]} cxb6 {[%emt 0:00:21]} 34. Qe3 {[%emt 0:00:28]} f2 {[%emt 0:02:12]} 35. Rf1 {[%emt 0:00:22]} Rg8 {[%emt 0:01:13]} 36. Nd4 {[%emt 0:00:44]} Qg4 {[%emt 0:00:57]} 37. Kc2 {[%emt 0:02:02]} h5 {[%emt 0:03:35]} 38. b3 {[%emt 0:01:42]} Qg2 {[%emt 0:01:30]} 39. Qe2 {[%emt 0:00:24]} Qh3 {[%emt 0:01:08]} 40. Qxe4 {[%emt 0:01:49]} Qxf1 {[%emt 0:00:26]} 41. e7 {[%emt 0:30:30]} Qe1 {[%emt 0:31:55]} 42. Qf5+ {[%emt 0:00:22]} Kb8 {[%emt 0:00:28]} 43. Qf8+ {[%emt 0:01:03]} Ka7 {[%emt 0:00:22]} 44. e8=Q {[%emt 0:00:34]} Qxe8 {[%emt 0:00:24]} 45. Qxf2 {[%emt 0:00:24]} Qe4+ {[%emt 0:00:31]} 46. Kc3 {[%emt 0:00:23]} Rg2 {[%emt 0:00:58]} 47. Nc6+ {[%emt 0:00:37]} bxc6 {[%emt 0:00:22]} 48. Qf7+ {[%emt 0:00:21]} Kb8 {[%emt 0:00:22]} 49. Qf8+ {[%emt 0:00:39]} Kc7 {[%emt 0:00:23]} 50. Qf7+ {[%emt 0:00:25]} Kd8 {[%emt 0:01:00]} 51. Qf8+ {[%emt 0:00:26]} Qe8 {[%emt 0:00:34]} 52. Qxd6+ {[%emt 0:00:26]} Kc8 {[%emt 0:00:27]} 53. Kd4 0-1

[Event "ARM-ch Rapid 2019"]
[Site "Yerevan"]
[Date "2019.01.22"]
[Round "5.10"]
[White "Baghdasaryan, Vahe"]
[Black "Harutyunian, Tigran K."]
[Result "0-1"]
[WhiteElo "2354"]
[BlackElo "2542"]
[Annotator "TA"]
[PlyCount "105"]
[EventDate "2019.01.22"]
[EventType "tourn"]
[EventCountry "ARM"]

{[%evp 18,105,-19,-25,-18,-19,19,19,14,-73,36,36,36,36,36,36,38,49,38,9,46,35,48,0,0,0,0,0,29,0,18,19,22,22,50,0,0,0,73,0,0,0,44,56,73,81,83,81,69,54,58,18,73,76,114,96,355,362,318,101,101,93,82,0,0,-23,-22,-23,-22,-22,-22,-25,-17,-17,0,0,0,0,2,-14,-7,-161,-33,-33,-32,-230,-213,-470,-474,-589]} 1. e4 e5 2. Nf3 Nc6 3. Bc4 Bc5 4. b4 Bxb4 5. c3 Ba5 6. d4 d6 7. Qb3 Qd7 8. O-O Bb6 {C52: Evans Gambit Accepted: 5 c3 Ba5} 9. Nbd2 (9. Bb5 a6 10. Ba4 Ba7 11. Na3 Nge7 12. d5 b5 13. Nxb5 axb5 14. Bxb5 O-O 15. dxc6 Qg4 16. Qc2 {0-1 (48) Li,C (2751)-Ding,L (2766) Huaian 2016}) 9... Na5 10. Qb1 {LiveBook: 8 Publish game on website} Ne7 {Black has an edge.} 11. dxe5 Nxc4 $146 ({You set blue moves yourself with the critical opening position annotation.:} 11... O-O 12. exd6 cxd6 13. Bd3 Ng6 14. Nc4 Nxc4 15. Bxc4 Qc7 {½-½ (24) Lomasov,S (2490)-Petrosyan,M (2554) Tarvisio 2017}) 12. Nxc4 dxe5 13. a4 (13. Ncxe5 $11 Qe6 14. a4) 13... Qe6 (13... f6 $17 14. Ba3 Nc6) 14. Ncxe5 $14 {Black must now prevent a5.} O-O 15. a5 Bc5 16. Nd3 b6 $1 17. Nxc5 bxc5 18. Ba3 Ba6 {...&Vfb8 is the strong threat.} 19. Re1 Ng6 {[%cal Be7g6,Bg6f4,Bf4d3][%mdl 32]} 20. Bxc5 Nf4 21. Be3 Nd3 (21... Nxg2 $5 22. Ng5 $8 Qg6 23. Kxg2 h6 $11) 22. Rd1 Rfb8 23. Qc2 Rb2 24. Qa4 c5 25. Ng5 Qe7 26. Qc6 (26. e5 $5 {[%cal Ra4e4]} c4 27. e6 {[%mdl 64] NOTEXT-4840} fxe6 28. Qc6 $16) 26... Bb7 27. Qa4 Ba6 $1 28. Qc6 (28. e5 $16 c4 29. e6 {[%mdl 64] NOTEXT-4840} fxe6 30. Qc6) 28... Bb7 $11 29. Qa4 Ne5 30. Qa3 $40 {[%mdl 128] Black needs to defend precisely.} Nc4 31. Qxc5 Qxc5 32. Bxc5 Rb5 33. Be7 Nxa5 34. f3 (34. Nf3 {NOTEXT-194} Bxe4 35. Nd4 Re5 36. Bd6 Rd5 37. Re1) 34... h6 (34... Nc6 $1 $11 {remains equal.}) 35. Nh3 $16 Nb3 36. Rab1 {Strongly threatening c4.} a5 $2 {[%mdl 8192]} (36... Bc6 $16 37. Nf4 a5) 37. c4 $18 Rb6 {[#]} 38. Rd8+ $2 (38. Bc5 $1 $18 {[%cal Rc5b6][%mdl 512] is the precise move to win.} Bxe4 (38... Nxc5 39. Rxb6) 39. fxe4) 38... Kh7 $16 39. Rxa8 Bxa8 40. Bd8 (40. Nf4 $16) 40... Rb7 $11 41. Rb2 a4 42. Ra2 Rd7 43. Bb6 Bc6 44. Nf4 Rd1+ 45. Kf2 Rc1 46. Nd3 Rxc4 47. Ne5 Rb4 48. Bd8 Be8 49. Ke3 $2 {[#]} (49. Be7 $11 {and White has nothing to worry.} Rb7 50. Bf8) 49... Rb8 (49... f6 $1 $19 {[%cal Rf6e5]} 50. Ng4 Rb7) 50. Be7 $1 $15 Rc8 {aiming for ...f6.} 51. Nd3 $2 {[#]} (51. Kf2 $15) 51... Rc3 $1 $19 {Hoping for ...&Lb5.} 52. Ra3 $2 (52. Bb4 {was called for.} Rxd3+ {[%mdl 64] NOTEXT-4837, NOTEXT-4840} 53. Kxd3 Nc1+ {[%mdl 64] NOTEXT-4834} 54. Kc2 Nxa2 55. Bc5) 52... Bb5 53. Ra2 {NOTEXT-4805: Tournament = 38%, Annotator = 45%.} 0-1

[Event "ARM-ch Rapid 2019"]
[Site "Yerevan"]
[Date "2019.01.23"]
[Round "6.1"]
[White "Hovhannisyan, Robert"]
[Black "Andriasian, Zaven"]
[Result "0-1"]
[WhiteElo "2637"]
[BlackElo "2604"]
[Annotator "RC"]
[PlyCount "108"]
[EventDate "2019.01.22"]
[EventType "tourn"]
[EventCountry "ARM"]
[TimeControl "40/5400+30:1800+30"]
[WhiteClock "0:01:57"]
[BlackClock "0:00:21"]

1. e4 {[%emt 1:15:12]} c5 {[%emt 1:15:11]} 2. Nf3 {[%emt 0:00:22]} d6 {[%emt 0:00:20]} 3. d4 {[%emt 0:00:21]} cxd4 {[%emt 0:00:22]} 4. Nxd4 {[%emt 0:00:22]} Nf6 {[%emt 0:00:21]} 5. Nc3 {[%emt 0:00:21]} a6 {[%emt 0:00:21]} 6. Be2 {[%emt 0:00:22]} e5 {[%emt 0:00:22]} 7. Nf3 {[%emt 0:00:22]} h6 {[%emt 0:00:23]} 8. Nd2 {[%emt 0:00:24]} Be7 {[%emt 0:00:24]} 9. Nc4 {[%emt 0:00:35]} b5 {[%emt 0:01:38]} 10. Ne3 {[%emt 0:00:22]} Bb7 {[%emt 0:00:22]} 11. Ncd5 {[%emt 0:00:57]} Nxd5 {[%emt 0:01:46]} 12. Nxd5 {[%emt 0:00:23]} Nd7 {[%emt 0:00:29]} 13. a4 {[%emt 0:01:52]} bxa4 {[%emt 0:00:38]} 14. O-O {[%emt 0:00:45]} O-O {[%emt 0:00:31]} 15. Be3 {[%emt 0:02:08]} Bg5 {[%emt 0:00:48]} 16. Bxg5 {[%emt 0:01:16]} hxg5 {[%emt 0:00:33]} 17. Rxa4 {[%emt 0:00:22]} Bxd5 {[%emt 0:00:32]} 18. exd5 {[%emt 0:00:22]} Nc5 {[%emt 0:00:33]} 19. Ra3 {[%emt 0:00:37]} a5 {[%emt 0:00:23]} 20. Bb5 {[%emt 0:00:34]} g6 {[%emt 0:00:51]} 21. Qd2 {[%emt 0:00:32]} Kg7 {[%emt 0:01:23]} 22. Rfa1 {[%emt 0:00:39]} g4 {[%emt 0:04:08]} 23. Rxa5 {[%emt 0:01:26]} Rxa5 {[%emt 0:01:35]} 24. Qxa5 {[%emt 0:00:49]} Qh4 {[%emt 0:00:45]} 25. g3 {[%emt 0:04:14]} Qh6 {[%emt 0:00:21]} 26. Qb6 {[%emt 0:01:41]} Rh8 {[%emt 0:02:15]} 27. h4 {[%emt 0:00:22]} g5 {[%emt 0:00:21]} 28. Ra7 {[%emt 0:03:27]} gxh4 {[%emt 0:00:32]} 29. Qc7 {[%emt 0:00:46]} Qf6 {[%emt 0:01:24]} 30. Qe7 {[%emt 0:00:44]} Qxe7 {[%emt 0:02:05]} 31. Rxe7 {[%emt 0:00:21]} h3 {[%emt 0:00:23]} 32. Kh2 {[%emt 0:02:28]} Rb8 {[%emt 0:00:22]} 33. c4 {[%emt 0:00:32]} Ra8 {[%emt 0:00:21]} 34. Rc7 {[%emt 0:00:43]} Ne4 {[%emt 0:00:35]} 35. Bd7 {[%emt 0:00:29]} Nxf2 {[%emt 0:00:24]} 36. Be6 {[%emt 0:00:21]} Rf8 {[%emt 0:00:42]} 37. b4 {[%emt 0:00:41]} e4 {[%emt 0:01:06]} 38. c5 {[%emt 0:00:33]} e3 {[%emt 0:00:21]} 39. Re7 {[%emt 0:00:26]} Kf6 {[%emt 0:01:25]} 40. cxd6 {[%emt 0:00:22]} fxe6 {[%emt 0:00:30]} 41. Rxe6+ {[%emt 0:30:22]} Kf5 {[%emt 0:30:22]} 42. Rxe3 {[%emt 0:00:43]} Ne4 {[%emt 0:00:23]} 43. Re1 {[%emt 0:00:39]} Rd8 {[%emt 0:00:42]} 44. Rf1+ {[%emt 0:00:22]} Ke5 {[%emt 0:00:21]} 45. Rf4 {[%emt 0:00:26]} Nf6 {[%emt 0:00:22]} 46. b5 {[%emt 0:00:31]} Rxd6 {[%emt 0:00:24]} 47. Rb4 {[%emt 0:00:26]} Rb6 {[%emt 0:00:27]} 48. Rb1 {[%emt 0:00:44]} Kxd5 {[%emt 0:00:42]} 49. Rd1+ {[%emt 0:00:29]} Ke5 {[%emt 0:00:24]} 50. Rb1 {[%emt 0:00:24]} Ne4 {[%emt 0:00:36]} 51. Rb4 {[%emt 0:00:30]} Rf6 {[%emt 0:00:40]} 52. Kg1 {[%emt 0:00:28]} Rf3 {[%emt 0:00:43]} 53. Rb2 {[%emt 0:00:38]} Rxg3+ {[%emt 0:00:36]} 54. Kh1 {[%emt 0:00:22]} Rg2 {[%emt 0:00:35]} 0-1